000 00618nam a2200193 u 4500
001 61612
005 20180714063319.0
008 141028s2009 sp r 000 0 spa d
020 _a978-84-321-3660-3
082 0 _a153.35
_bBAR
100 1 _aBarrena, Sara
_eautor
245 1 3 _aLa razón creativa :
_bcrecimiento y finalidad del ser humano según C. S. Peirce /
_cSara Barrena.
264 1 _aEspaña :
_bEdiciones Rialp,
_c2007
300 _a318 páginas : ;
_c20 cm.
336 _atexto
_2rdacontent
337 _asin mediación
_2rdamedia
338 _avolume
_2rdacarrier
650 0 _aCreatividad
999 _c61612
_d61612